• 首页
  • 本馆介绍
  • 公告通知
  • 最新文献
  • 馆藏检索
  • 电子资源
  • 读者导购
  • 参考咨询
  • 我的图书馆
  • 登录
  • 详细信息显示
  • 放入我的书架
  • 预约/预借图书
  • 作者相关作品
  • 分类相关作品
  • 丛书相关作品
  • 出版社相关作品

书目信息

  • 表格格式
  • 工作单格式
  • 卡片格式
题名:
朗读手册
    
 
作者: 特里利斯 著 ;徐海幈 译
分册: III  
出版信息: 北京   新星出版社  2016
页数: 560页
开本: 23cm
丛书名: 新经典文库
单 册:
中图分类: G792 , I18
科图分类:
主题词: 读书方法--du shu fang fa--基本知识 , 儿童文学--er tong wen xue--简介--世界
电子资源:
ISBN: 978-7-5133-2137-2
000 01217nam 2200361 450
001 012001004009
005 20191121170224.07
010    @a978-7-5133-2137-2@dCNY49.80
099    @aCAL 012016118762
100    @a20161013d2016 ekmy0chiy0120 ea
101 1  @achi@ceng
102    @aCN@b110000
105    @ac z 001yy
106    @ar
200 1  @a朗读手册@Alang du shou ce@d= Read all about it@hIII@f(美)吉姆·崔利斯著@g徐海幈译@zeng
210    @a北京@c新星出版社@d2016
215    @a560页@c肖像@d23cm
225 2  @a新经典文库@Axin jing dian wen ku@i爱心树文学馆@v090
305    @a据原书1993年版译出
312    @a其它题名取自封面
314    @a责任者Trelease规范汉译姓: 特里利斯
320    @a有索引
410  0 @12001 @a新经典文库@i爱心树文学馆@v090
500 10 @aRead all about it@mChinese
517 1  @a给四年级以上孩子的经典故事@Agei si nian ji yi shang hai zi de jing dian gu shi
606 0  @a读书方法@Adu shu fang fa@x基本知识
606 0  @a儿童文学@Aer tong wen xue@x简介@y世界
690    @aG792@v5
690    @aI18@v5
701  1 @a特里利斯@Ate li li si@g(Trelease, Jim)@4著
702  0 @a徐海幈@Axu hai ping@4译
801    @b江苏凤凰@c20191020
905    @b1234580-3@dG792@e1593:3@f4
    
    朗读手册= Read all about it.III/(美)吉姆·崔利斯著/徐海幈译.-北京:新星出版社,2016
    560页:肖像;23cm.-(新经典文库.爱心树文学馆;090)
    
    
    ISBN 978-7-5133-2137-2:CNY49.80
    
●
相关链接 在E读中查询图书 在五车中查询图书 在当当中查询图书 在豆瓣中查询图书


正题名:朗读手册     索取号:G792/1593:3         预约/预借

序号 登录号 条形码 馆藏地/架位号 状态 备注
1 1234580   212345808   第一样本阅览室/ [索取号:G792/1593:3] 在馆    
2 1234581   212345817   第四借阅区/ [索取号:G792/1593:3] 在馆    
3 1234582   212345826   第四借阅区/ [索取号:G792/1593:3] 在馆    
4 1234583   212345835   教育系资料室/ [索取号:G792/1593:3] 在馆    
唐山师范学院图书馆 欢迎您!
大连网信软件有限公司© 版权所有